000 00368 a2200133 4500
005 20250430074651.0
020 _a0-521-55689-9
082 _a658 NUT
100 _aNUTTALL, C. J.
245 _aCNVQ Foundation Business
260 _aNew York
_bCambridge University Press,
_c1996.
300 _aviii, 167p.: ill.; figure, picture, table.
_bIndex.
_c25cm.
942 _2ddc
_cBKS
999 _c1802
_d1802